000 01040cam a22003255i 4500
001 19092011
003 NUST
005 20220113174341.0
008 160512s2016 cau 000 0 eng
010 _a 2016941562
020 _a9780134306414 (alk. paper)
020 _a9780134580852
038 _aMuzammil
040 _aDLC
_beng
_erda
_cDLC
042 _apcc
082 _a604.2
_bTEC
100 1 _aGiesecke, Frederick E.
_988368
245 1 0 _aTechnical drawing with engineering graphics /
_cFrederick E. Giesecke, Alva Mitchell, Henry Cecil Spencer ; [edited by] Greg Weigand, Laura Lewin, Lisa McClain.
250 _a15th edition.
263 _a1606
264 1 _aSan Francisco, CA :
_bPrentice Hall,
_c2016.
300 _apages cm
336 _atext
_btxt
_2rdacontent
337 _aunmediated
_bn
_2rdamedia
338 _avolume
_bnc
_2rdacarrier
563 _ahardcover
906 _a0
_bibc
_corignew
_d2
_eepcn
_f20
_gy-gencatlg
942 _2ddc
_cBK
999 _c587602
_d587602